| 000 | 00926cam a2200229 4500 | ||
|---|---|---|---|
| 001 | WB3720-04 | ||
| 008 | 000000n2001 000 0 eng u | ||
| 035 | _a(Sirsi) u112728 | ||
| 245 | _aLocal government toolkit launched | ||
| 260 | _c2001 | ||
| 490 |
_aConstruction Monitor _vMay 2001, 4(1) |
||
| 520 | _aThe Local Government Task Force has published the Rethinking Construction Toolkit for local authorities, which provides comprehensive guidance on procurement under the Rethinking Construction Initiative and examines the links between it and Best Value. Copies of the toolkit are available from the LGTF, Tel: +44 (0)20 7837 8286; Email: [email protected]. | ||
| 590 | _aWB | ||
| 650 | _aBEST VALUE | ||
| 650 | _aCONSTRUCTION COSTS | ||
| 650 | _aCONSTRUCTION PROCUREMENT | ||
| 650 | _aLOCAL AUTHORITIES | ||
| 650 | _aProcurement-old | ||
| 650 | _aEGAN REFORMS | ||
| 690 |
_aProcurement _96260 |
||
| 942 | _n0 | ||
| 999 |
_c67118 _d67118 |
||